Pays avec les plus de jours fériés - Statistiques

Statistiques générales
  • Ce quiz a été pris 94 fois
    92 depuis la dernière actualisation
  • Le résultat moyen est 7 sur 15
Statistiques - réponses
Nombre jours fériés Pays % Correct
11 France
100%
14 Espagne
86%
13 Portugal
76%
13 Pologne
51%
13 Autriche
46%
14 Finlande
41%
12 République Tchèque
36%
15 Slovaquie
36%
13 Roumanie
35%
12 Slovénie
35%
14 Bulgarie
30%
14 Lituanie
28%
13 Lettonie
25%
14 Malte
18%
14 Chypre
14%
Aucun quiz correspondant
Distribution des résultats
% des personnes avec chaque résultat
Percentile par nombre de réponses
Votre historique - résultats
Vous n’avez pas pris ce quiz depuis la dernière actualisation